<?xml version="1.0" encoding="UTF-8"?>
<collection xmlns="http://www.loc.gov/MARC21/slim">
 <record>
  <leader>02036nam a2200253 a 4500</leader>
  <controlfield tag="001">1/44775</controlfield>
  <controlfield tag="008">140630s2004    ne            001 0 eng  </controlfield>
  <datafield tag="020" ind1=" " ind2=" ">
   <subfield code="a">9780123965615</subfield>
  </datafield>
  <datafield tag="020" ind1=" " ind2=" ">
   <subfield code="a">0123965616</subfield>
  </datafield>
  <datafield tag="035" ind1=" " ind2=" ">
   <subfield code="l">47729</subfield>
  </datafield>
  <datafield tag="040" ind1=" " ind2=" ">
   <subfield code="a">OPELS</subfield>
   <subfield code="b">eng</subfield>
   <subfield code="c">OPELS</subfield>
   <subfield code="d">OCLCQ</subfield>
   <subfield code="d">OCLCF</subfield>
   <subfield code="d">GR-PeUP</subfield>
  </datafield>
  <datafield tag="100" ind1="1" ind2=" ">
   <subfield code="a">Kao, Kwan-Chi.</subfield>
  </datafield>
  <datafield tag="245" ind1="1" ind2="0">
   <subfield code="a">Dielectric phenomena in solids</subfield>
   <subfield code="h">[electronic resource] :</subfield>
   <subfield code="b">with emphasis on physical concepts of electronic processes /</subfield>
   <subfield code="c">Kwan Chi Kao.</subfield>
  </datafield>
  <datafield tag="260" ind1=" " ind2=" ">
   <subfield code="a">Amsterdam ;</subfield>
   <subfield code="a">Boston :</subfield>
   <subfield code="b">Academic Press,</subfield>
   <subfield code="c">c2004.</subfield>
  </datafield>
  <datafield tag="300" ind1=" " ind2=" ">
   <subfield code="a">1 online resource (xvii, 581 p.) :</subfield>
   <subfield code="b">ill.</subfield>
  </datafield>
  <datafield tag="520" ind1=" " ind2=" ">
   <subfield code="a">In general, a dielectric is considered as a non-conducting or insulating material (such as a ceramic or polymer used to manufacture a microelectronic device). This book describes the laws governing all dielectric phenomena. A unified approach is used in describing each of the dielectric phenomena, with the aim of answering &quot;what?&quot;, &quot;how?&quot; and &quot;why&quot; for the occurrence of each phenomenon; Coverage unavailable in other books on ferroelectrics, piezoelectrics, pyroelectrics, electro-optic processes, and electrets; Theoretical analyses are general and broadly applicable; Mathematics is simplified and emphasis is placed on the physical insight of the mechanisms responsible for the phenomena; Truly comprehensive coverage not available in the current literature.</subfield>
  </datafield>
  <datafield tag="505" ind1="0" ind2=" ">
   <subfield code="a">Introduction. Electric Polarization and Relaxation. Optical and Electro-Optic Processes. Ferroelectrics, Piezoelectrics and Pyroelectrics. Electrets. Charge Carrier Injection from Electrical Contacts. Electrical Conduction and Photoconduction. Electrical Aging, Discharge and Breakdown Phenomena.</subfield>
  </datafield>
  <datafield tag="504" ind1=" " ind2=" ">
   <subfield code="a">Includes bibliographical references and index.</subfield>
  </datafield>
  <datafield tag="650" ind1=" " ind2="4">
   <subfield code="a">Dielectrics.</subfield>
  </datafield>
  <datafield tag="655" ind1=" " ind2="4">
   <subfield code="a">Electronic books.</subfield>
  </datafield>
  <datafield tag="852" ind1=" " ind2=" ">
   <subfield code="a">INST</subfield>
   <subfield code="b">UNIPILB</subfield>
   <subfield code="c">EBOOKS</subfield>
   <subfield code="e">20140630</subfield>
   <subfield code="p">00b47729</subfield>
   <subfield code="q">00b47729</subfield>
   <subfield code="t">ONLINE</subfield>
   <subfield code="y">0</subfield>
  </datafield>
  <datafield tag="856" ind1="4" ind2="0">
   <subfield code="3">ScienceDirect</subfield>
   <subfield code="u">http://www.sciencedirect.com/science/book/9780123965615</subfield>
  </datafield>
  <datafield tag="856" ind1="4" ind2=" ">
   <subfield code="d">/webopac/covers/03/47729_9780123965615.jpg</subfield>
  </datafield>
  <datafield tag="856" ind1="4" ind2=" ">
   <subfield code="d">/webopac/covers/03/47729_0123965616.jpg</subfield>
  </datafield>
 </record>
</collection>
